Every wrestler to compete at NWA/WCW Starrcade - Statistics

General Stats
  • This quiz has been taken 6 times
  • The average score is 67 of 228
Answer Stats
First Starcade Wrestler % Correct
Starrcade 99 David Flair
100%
Starrcade 88 Dark Match Dustin Rhodes
100%
Starrcade 84 Dusty Rhodes
100%
Starrcade 96 Kevin Nash
100%
Starrcade 83 Ric Flair
100%
Starrcade 96 Scott Hall
100%
Starrcade 87 Sting
100%
Starrcade 85 Arn Anderson
80%
Starrcade 91 Big Van Vader
80%
Starrcade 94 Booker T
80%
Starrcade 97 Goldberg
80%
Starrcade 83 Kevin Sullivan
80%
Starrcade 87 Lex Luger
80%
Starrcade 85 Magnum T. A.
80%
Starrcade 95 Dark Match Mark Sullivan
80%
Starrcade 84 Ole Anderson
80%
Starrcade 83 Ricky Steamboat
80%
Starrcade 86 Road Warrior Animal
80%
Starrcade 86 Road Warrior Hawk
80%
Starrcade 83 Roddy Piper
80%
Starrcade 84 Tully Blanchard
80%
Starrcade 92 2 Cold Scorpio
60%
Starrcade 87 Barry Windham
60%
Starrcade 99 Bret Hart
60%
Starrcade 91 Brian Pillman
60%
Starrcade 98 Chris Jericho
60%
Starrcade 90 Danny Johnson
60%
Starrcade 97 Eric Bischoff
60%
Starrcade 83 Greg Valentine
60%
Starrcade 83 Harley Race
60%
Starrcade 94 Hulk Hogan
60%
Starrcade 84 Ivan Koloff
60%
Starrcade 88 Junkyard Dog
60%
Starrcade 88 Dark Match Kendall Windham
60%
Starrcade 93 Lord Steven Regal
60%
Starrcade 84 Paul Jones
60%
Starrcade 95 Randy Savage
60%
Starrcade 96 Rey Mysterio Jr.
60%
Starrcade 86 Rick Rude
60%
Starrcade 87 Rick Steiner
60%
Starrcade 89 Ron Simmons
60%
Starrcade 83 Rufus R. Jones
60%
Starrcade 89 Samoan Savage
60%
Starrcade 97 Scott Norton
60%
Starrcade 89 Scott Steiner
60%
Starrcade 90 Sid Vicious
60%
Starrcade 91 Steve Austin
60%
Starrcade 94 Stevie Ray
60%
Starrcade 2000 Terry Funk
60%
Starrcade 89 The Great Muta
60%
Starrcade 94 Triple H
60%
Starrcade 83 Abdullah the Butcher
40%
Starrcade 90 Big Cat
40%
Starrcade 85 Bobby Eaton
40%
Starrcade 93 Brian Knobbs
40%
Starrcade 89 Butch Reed
40%
Starrcade 95 Chris Benoit
40%
Starrcade 88 Dark Match Commando Ray
40%
Starrcade 96 Dean Malenko
40%
Starrcade 91 Diamond Dallas Page
40%
Starrcade 99 Disco Inferno
40%
Starrcade 95 Eddie Guerrero
40%
Starrcade 98 Ernest Miller
40%
Starrcade 89 Fatu
40%
Starrcade 98 Fit Finlay
40%
Starrcade 86 Héctor Guerrero
40%
Starrcade 83 Jay Youngblood
40%
Starrcade 96 Jeff Jarrett
40%
Starrcade 93 Jerry Sags
40%
Starrcade 94 Jim Duggan
40%
Starrcade 86 Jimmy Garvin
40%
Starrcade 91 Johnny B. Badd
40%
Starrcade 91 Jushin Thunder Liger
40%
Starrcade 90 Konnan
40%
Starrcade 2000 Lance Storm
40%
Starrcade 91 Marcus Bagwelll
40%
Starrcade 83 Mark Youngblood
40%
Starrcade 87 Michael Hayes
40%
Starrcade 2000 Mike Awesome
40%
Starrcade 90 Norman Smiley
40%
Starrcade 95 Dark Match One Man Gang
40%
Starrcade 93 Paul Orndorff
40%
Starrcade 93 Paul Roma
40%
Starrcade 85 Ricky Morton
40%
Starrcade 85 Robert Gibson
40%
Starrcade 85 Ron Garvin
40%
Starrcade 92 Shane Douglas
40%
Starrcade 2000 Shane Helms
40%
Starrcade 2000 Shannon Moore
40%
Starrcade 90 Stan Hansen
40%
Starrcade 87 Stan Lane
40%
Starrcade 97 Steve McMichael
40%
Starrcade 87 Steve Williams
40%
Starrcade 85 Terry Taylor
40%
Starrcade 96 The Giant
40%
Starrcade 97 Vincent
40%
Starrcade 83 Wahoo McDaniel
40%
Starrcade 88 Dark Match Al Perez
20%
Starrcade 83 Assassin 1
20%
Starrcade 83 Assassin 2
20%
Starrcade 86 Big Bubba Rogers
20%
Starrcade 91 Big Josh
20%
Starrcade 85 Billy Jack Haynes
20%
Starrcade 98 Billy Kidman
20%
Starrcade 84 Black Bart
20%
Starrcade 86 Brad Armstrong
20%
Starrcade 98 Brian Adams
20%
Starrcade 2000 Bryan Clark
20%
Starrcade 91 Buddy Lee Parker
20%
Starrcade 83 Carlos Colón
20%
Starrcade 90 Chris Adams
20%
Starrcade 2000 Chuck Palumbo
20%
Starrcade 2000 Crowbar
20%
Starrcade 97 Curt Hennig
20%
Starrcade 99 Donald Harris
20%
Starrcade 87 Eddie Gilbert
20%
Starrcade 99 Evan Karagias
20%
Starrcade 2000 Gen. Rection
20%
Starrcade 83 Gerald Brisco
20%
Starrcade 95 Hiroyoshi Tenzan
20%
Starrcade 83 Jack Brisco
20%
Starrcade 84 Jesse Barr
20%
Starrcade 84 Jimmy Valiant
20%
Starrcade 99 Johnny the Bull
20%
Starrcade 92 Kensuke Sasaki
20%
Starrcade 96 Madusa
20%
Starrcade 84 Manny Fernandez
20%
Starrcade 92 Masahiro Chono
20%
Starrcade 93 Maxx Payne
20%
Starrcade 96 Meng
20%
Starrcade 84 Mike Davis
20%
Starrcade 84 | Starrcade 91 Mike Graham
20%
Starrcade 88 Mike Rotunda
20%
Starrcade 84 Mr. Ito
20%
Starrcade 90 Mr. Saito
20%
Starrcade 84 Nikita Koloff
20%
Starrcade 97 Perry Saturn
20%
Starrcade 91 P.N. News
20%
Starrcade 88 Randy Rose
20%
Starrcade 90 Rey Misterio
20%
Starrcade 99 Ronald Harris
20%
Starrcade 84 Ron Bass
20%
Starrcade 85 Sam Houston
20%
Starrcade 83 Scott McGhee
20%
Starrcade 95 Dark Match Scotty Riggs
20%
Starrcade 2000 Shawn Stasiak
20%
Starrcade 95 Shinjiro Otani
20%
Starrcade 91 Steve Armstrong
20%
Starrcade 84 Superstar Billy Graham
20%
Starrcade 85 The Barbarian
20%
Starrcade 88 The Russian Assassin 1
20%
Starrcade 88 The Russian Assassin 2
20%
Starrcade 93 The Shockmaster
20%
Starrcade 90 Tommy Rich
20%
Starrcade 88 Tommy Rogers
20%
Starrcade 91 Tracy Smothers
20%
Starrcade 99 Vampiro
20%
Starrcade 2000 Yun Yang
20%
Starrcade 90 "Z-Man" Tom Zenk
20%
Starrcade 96 Akira Hokuto
0%
Starrcade 94 Alex Wright
0%
Starrcade 99 Asya
0%
Starrcade 93 Awesome Kong
0%
Starrcade 88 Bam Bam Bigelow
0%
Starrcade 86 Baron von Raschke
0%
Starrcade 99 Big Vito
0%
Starrcade 86 Bill Dundee
0%
Starrcade 91 Bill Kazmaier
0%
Starrcade 88 Bobby Fulton
0%
Starrcade 86 Bobby Jaggers
0%
Starrcade 83 Bob Orton Jr.
0%
Starrcade 84 Brian Adidis
0%
Starrcade 85 Buddy Landel
0%
Starrcade 83 Bugsy McGraw
0%
Starrcade 84 Buzz Tyler
0%
Starrcade 91 Cactus Jack
0%
Starrcade 83 Charlie Brown
0%
Starrcade 90 Colonel DeKlerk
0%
Starrcade 88 Dark Match Commando Boone
0%
Starrcade 90 Danny Spivey
0%
Starrcade 85 Dennis Condrey
0%
Starrcade 84 Denny Brown
0%
Starrcade 88 Dark Match Dick Murdoch
0%
Starrcade 83 Dick Slater
0%
Starrcade 86 Don Kernodle
0%
Starrcade 86 Dutch Mantel
0%
Starrcade 91 El Gigante
0%
Starrcade 84 Elijah Akeem
0%
Starrcade 92 Erik Watts
0%
Starrcade 91 Firebreaker Chip
0%
Starrcade 90 Jack Victory
0%
Starrcade 2000 Jamie Knoble
0%
Starrcade 98 Jerry Flynn
0%
Starrcade 85 J. J. Dillon
0%
Starrcade 83 Johnny Weaver
0%
Starrcade 94 John Tenta
0%
Starrcade 98 Juventud Guerrera
0%
Starrcade 84 Kareem Muhammed
0%
Starrcade 2000 Kaz Hayashi
0%
Starrcade 84 Keith Larson
0%
Starrcade 95 Koji Kanemoto
0%
Starrcade 85 Krusher Khruschev
0%
Starrcade 87 Larry Zbyszko
0%
Starrcade 99 Lash LeRoux
0%
Starrcade 83 Mark Lewin
0%
Starrcade 94 Mr. T
0%
Starrcade 86 Nelson Royal
0%
Starrcade 99 Oklahoma
0%
Starrcade 98 Prince Iaukea
0%
Starrcade 2000 Reno
0%
Starrcade 90 Rip Morgan
0%
Starrcade 86 Rocky Kernodle
0%
Starrcade 90 Salman Hashimikov
0%
Starrcade 90 Sgt. Krueger
0%
Starrcade 92 Dark Match Shanghai Pierce
0%
Starrcade 86 Shaska Whatley
0%
Starrcade 93 Tex Slazenger
0%
Starrcade 93 Dark Match The Equalizer
0%
Starrcade 83 The Great Kabuki
0%
Starrcade 90 The Motor City Madman
0%
Starrcade 91 The Nightstalker
0%
Starrcade 86 Tim Horner
0%
Starrcade 91 Todd Champion
0%
Starrcade 90 Troy Montour
0%
Starrcade 96 Ultimate Dragon
0%
Starrcade 91 Van Hammer
0%
Starrcade 90 Victor Zangiev
0%
No matching quizzes found
Score Distribution
Percent of People with Each Score
Percentile by Number Answered
Your Score History
You have not taken this quiz